[Event "HUN-chT 9394"]
[Site "Hungary"]
[Date "1994.??.??"]
[Round "?"]
[White "Dudas, Istvan"]
[Black "Horvath, Julia"]
[Result "1-0"]
[WhiteElo "2210"]
[BlackElo "2250"]
[PlyCount "53"]
[EventDate "1993.??.??"]
[EventType "team"]
[EventRounds "13"]
[EventCountry "HUN"]
[SourceTitle "TD"]
[Source "ChessBase"]
[SourceDate "1994.03.01"]
[SourceVersion "1"]
[SourceVersionDate "1994.03.01"]
[SourceQuality "1"]

1. d4 f5 2. g3 Nf6 3. Bg2 g6 4. Nh3 Bg7 5. c3 0-0 6. Qb3+ e6 7. Bxb7 Bxb7 8. Qxb7 Nc6 9. 0-0 Rb8 10. Qa6 Nd5 11. Qd3 h6 12. f3 Qf6 13. e4 Nb6 14. Nd2 g5 15. exf5 exf5 16. Nc4 d5 17. Nxb6 Rxb6 18. Re1 Na5 19. b3 Nc6 20. Ba3 Rfb8 21. Bc5 R6b7 22. Re2 Bf8 23. Rae1 Na5 24. Re6 Qf7 25. Bxf8 Qxf8 26. Qa6 Rb5 27. a4 1-0